<?xml version="1.0" encoding="UTF-8"?>
<record
    xmlns:xsi="http://www.w3.org/2001/XMLSchema-instance"
    xsi:schemaLocation="http://www.loc.gov/MARC21/slim http://www.loc.gov/standards/marcxml/schema/MARC21slim.xsd"
    xmlns="http://www.loc.gov/MARC21/slim">

  <leader>00523nam a2200181Ia 4500</leader>
  <datafield tag="020" ind1=" " ind2=" ">
    <subfield code="a">4805306505 (for sale in Japan only)</subfield>
  </datafield>
  <datafield tag="020" ind1=" " ind2=" ">
    <subfield code="a">0804833273</subfield>
  </datafield>
  <datafield tag="040" ind1=" " ind2=" ">
    <subfield code="c">SNN</subfield>
  </datafield>
  <datafield tag="041" ind1="1" ind2=" ">
    <subfield code="h">jpn</subfield>
  </datafield>
  <datafield tag="082" ind1=" " ind2=" ">
    <subfield code="a">895 TUT 2006 A120 Or.</subfield>
  </datafield>
  <datafield tag="100" ind1="1" ind2=" ">
    <subfield code="a">Sumii, Sue,</subfield>
  </datafield>
  <datafield tag="245" ind1="1" ind2="4">
    <subfield code="a">The river with no bridge /</subfield>
  </datafield>
  <datafield tag="260" ind1=" " ind2=" ">
    <subfield code="a">Clarendon, Vt. :</subfield>
    <subfield code="b">Tuttle Publishing,</subfield>
    <subfield code="c">[2006?], c1989</subfield>
  </datafield>
  <datafield tag="300" ind1=" " ind2=" ">
    <subfield code="a">xiv, 359 p. ;</subfield>
    <subfield code="c">21 cm</subfield>
  </datafield>
  <datafield tag="500" ind1=" " ind2=" ">
    <subfield code="a">"First Tuttle edition, 1990"--t.p. verso</subfield>
  </datafield>
  <datafield tag="500" ind1=" " ind2=" ">
    <subfield code="a">Translation of v. 1 of: Hashi no nai kawa</subfield>
  </datafield>
  <datafield tag="942" ind1=" " ind2=" ">
    <subfield code="c">EK</subfield>
  </datafield>
  <datafield tag="999" ind1=" " ind2=" ">
    <subfield code="c">16566</subfield>
    <subfield code="d">16566</subfield>
  </datafield>
  <datafield tag="952" ind1=" " ind2=" ">
    <subfield code="0">0</subfield>
    <subfield code="1">0</subfield>
    <subfield code="4">0</subfield>
    <subfield code="6">895_000000000000000_TUT_2006_A110_OR</subfield>
    <subfield code="7">0</subfield>
    <subfield code="9">71371</subfield>
    <subfield code="a">LBA</subfield>
    <subfield code="b">LBA</subfield>
    <subfield code="c">A110</subfield>
    <subfield code="d">2018-03-07</subfield>
    <subfield code="l">2</subfield>
    <subfield code="o">895 TUT 2006 A110 Or.</subfield>
    <subfield code="p">A19719</subfield>
    <subfield code="r">2018-10-19</subfield>
    <subfield code="s">2018-10-02</subfield>
    <subfield code="y">EK</subfield>
  </datafield>
</record>
